[Event "TUR-chT2"]
[Site "Konya"]
[Date "2017.07.12"]
[Round "6.26"]
[White "Isikli, Murat Sedat"]
[Black "Subasi, Zeki"]
[Result "0-1"]
[WhiteElo "1505"]
[BlackElo "1707"]
[PlyCount "112"]
[EventDate "2017.07.09"]
[EventType "team-swiss"]
[EventRounds "9"]
[EventCountry "TUR"]
[SourceTitle "CBM 179 Extra"]
[Source "ChessBase"]
[SourceDate "2017.08.23"]
[SourceVersion "1"]
[SourceVersionDate "2017.08.23"]
[SourceQuality "1"]
[WhiteTeam "Ardahan Belediyesi"]
[BlackTeam "Genclik Sivas Analiz"]
[WhiteTeamCountry "TUR"]
[BlackTeamCountry "TUR"]

1. e4 c5 2. Nf3 d6 3. Bc4 Nc6 4. d4 cxd4 5. Nxd4 e6 6. Be3 Nf6 7. Nc3 a6 8. 0-0 Be7 9. f4 0-0 10. Qf3 Qc7 11. Nxc6 bxc6 12. Bd3 Rb8 13. b3 e5 14. f5 Bb7 15. g4 Qa5 16. Na4 d5 17. Bb6 Qb4 18. Rae1 dxe4 19. Bxe4 Ba8 20. Ba7 Rbd8 21. c3 Qb7 22. Bf2 Nxe4 23. Qxe4 Rd2 24. Bc5 Rxa2 25. Bxe7 Qxe7 26. Qxe5 Qg5 27. Qg3 c5 28. Rf2 Rxf2 29. Kxf2 h5 30. h3 Rd8 31. Re2 h4 32. Qe5 Qc1 33. Qe3 Qh1 34. Nb2 Bc6 35. g5 Re8 36. Qd3 Qg2+ 37. Ke1 Qg1+ 38. Kd2 Qxg5+ 39. Ke1 Rd8 40. Qe3 Qxf5 41. Nc4 Bb5 42. Qe7 Re8 43. Qxh4 Qb1+ 44. Kf2 Qf5+ 45. Ke1 Rb8 46. Qg3 Rd8 47. Qc7 Qg5 48. Re7 Qg1+ 49. Ke2 Qd1+ 50. Kf2 Bxc4 51. bxc4 Rd2+ 52. Kg3 Rd3+ 53. Kh4 Qf3 54. Qc8+ Kh7 55. Qg4 Qf6+ 56. Qg5 Rxh3+ 0-1

[Event "Manavgat Turkey Cup"]
[Site "Manavgat"]
[Date "2016.02.05"]
[Round "10"]
[White "Keskin, Cengiz"]
[Black "Subasi, Zeki"]
[Result "1-0"]
[WhiteElo "1491"]
[BlackElo "1723"]
[PlyCount "113"]
[EventDate "2016.01.30"]
[EventType "swiss"]
[EventRounds "11"]
[EventCountry "TUR"]
[SourceTitle "CBM 170 Extra"]
[Source "ChessBase"]
[SourceDate "2016.02.25"]
[SourceVersion "1"]
[SourceVersionDate "2016.02.25"]
[SourceQuality "1"]

1. e4 c5 2. Nf3 d6 3. d4 cxd4 4. Nxd4 Nf6 5. Nc3 a6 6. Be2 e6 7. Be3 Nc6 8. Qd2 Qc7 9. f3 b5 10. 0-0 Be7 11. Rad1 Bb7 12. Ncxb5 axb5 13. Nxb5 Qb8 14. Nxd6+ Bxd6 15. Qxd6 Qxd6 16. Rxd6 Rxa2 17. Bb5 Ke7 18. Bc5 Nd7 19. Rxc6+ Nxc5 20. Rxc5 Kd6 21. b4 Rb8 22. e5+ Ke7 23. Rd1 Bd5 24. c4 Ba8 25. Rd7+ Kf8 26. Rcc7 Ra1+ 27. Kf2 h5 28. Rxf7+ Kg8 29. Rxg7+ Kh8 30. Rh7+ Kg8 31. Rxh5 Rd8 32. Bd7 Kg7 33. Bxe6+ Kg6 34. Bf7+ Kg7 35. Be8+ Kg8 36. Bf7+ Kg7 37. Bd5+ Kg6 38. g4 Bxd5 39. cxd5 Rxd5 40. Rc6+ Kg7 41. Rg5+ Kf8 42. Rf5+ Ke8 43. h4 Rb1 44. h5 Rxb4 45. h6 Rb7 46. g5 Rd2+ 47. Kg3 Rd1 48. g6 Rh1 49. g7 Rg1+ 50. Kf2 Rbb1 51. Rf8+ Kd7 52. Rd6+ Ke7 53. Rdf6 Rgf1+ 54. Kg3 Rg1+ 55. Kf4 Rb4+ 56. Kf5 Rb3 57. R6f7# 1-0

[Event "Kemer Turkey Cup"]
[Site "Kemer"]
[Date "2014.02.07"]
[Round "8"]
[White "Subasi, Zeki"]
[Black "Temizkan, Denizcan"]
[Result "0-1"]
[WhiteElo "1714"]
[BlackElo "2025"]
[PlyCount "84"]
[EventDate "2014.02.01"]
[EventType "swiss"]
[EventRounds "9"]
[EventCountry "TUR"]
[SourceTitle "CBM 158 Extra"]
[Source "ChessBase"]
[SourceDate "2014.02.28"]
[SourceVersion "1"]
[SourceVersionDate "2014.02.28"]
[SourceQuality "1"]

1. e4 e5 2. Nf3 Nc6 3. Be2 Nf6 4. Nc3 Be7 5. 0-0 0-0 6. d3 d6 7. h3 Re8 8. Be3 Bf8 9. Bg5 h6 10. Bh4 g5 11. Bg3 Bg7 12. Qd2 Be6 13. a3 Qd7 14. Rad1 Rad8 15. Rfe1 a6 16. Qe3 Nd4 17. Qd2 Nxe2+ 18. Nxe2 c5 19. c3 Nh5 20. d4 exd4 21. cxd4 Bb3 22. Rc1 Rxe4 23. dxc5 dxc5 24. Qxd7 Rxd7 25. Rxc5 Nxg3 26. Nxg3 Rxe1+ 27. Nxe1 Rd1 28. Kf1 Bxb2 29. Nf5 Bxa3 30. Rc8+ Kh7 31. Ke2 Rb1 32. g4 Be6 33. Rc7 b5 34. Nc2 Rb2 35. Ke3 Rb3+ 36. Ke4 Bc4 37. Nce3 Bd3+ 38. Kd5 Rb4 39. Rxf7+ Kg6 40. Ra7 Ra4 41. Rg7+ Kf6 42. Rh7 Be4# 0-1

[Event "Kemer Turkey Cup"]
[Site "Kemer"]
[Date "2014.02.04"]
[Round "5"]
[White "Subasi, Zeki"]
[Black "Ozturk, Yavuz"]
[Result "0-1"]
[WhiteElo "1714"]
[BlackElo "1852"]
[PlyCount "82"]
[EventDate "2014.02.01"]
[EventType "swiss"]
[EventRounds "9"]
[EventCountry "TUR"]
[SourceTitle "CBM 158 Extra"]
[Source "ChessBase"]
[SourceDate "2014.02.28"]
[SourceVersion "1"]
[SourceVersionDate "2014.02.28"]
[SourceQuality "1"]

1. e4 e6 2. d4 d5 3. Nc3 Nf6 4. exd5 exd5 5. Bd3 Bd6 6. Nf3 0-0 7. 0-0 Bg4 8. Bg5 c6 9. Re1 Nbd7 10. Nb1 Bxf3 11. Qxf3 Qb6 12. c3 Qxb2 13. Nd2 Qb6 14. Nf1 Rfe8 15. Ne3 Ne4 16. Qg4 Ndf6 17. Qh4 Nxg5 18. Qxg5 h6 19. Qf5 Ne4 20. f3 g6 21. Qh3 Nxc3 22. Qxh6 Bf8 23. Qf4 Bg7 24. Nc2 Nb5 25. Bxb5 Qxb5 26. Rab1 Rxe1+ 27. Rxe1 Qd3 28. Qc1 Bxd4+ 29. Kh1 Bf6 30. Ne3 Bg5 31. Qc2 Qxc2 32. Nxc2 Kf8 33. g3 Bf6 34. Rb1 Rb8 35. Nb4 Be5 36. Kg2 a5 37. Nd3 Bd6 38. h4 b5 39. Rc1 Rc8 40. g4 Re8 41. Rd1 Bb4 0-1

[Event "Kemer Turkey Cup"]
[Site "Kemer"]
[Date "2014.02.01"]
[Round "1"]
[White "Bucak, Mehmet"]
[Black "Subasi, Zeki"]
[Result "0-1"]
[WhiteElo "1525"]
[BlackElo "1714"]
[PlyCount "46"]
[EventDate "2014.02.01"]
[EventType "swiss"]
[EventRounds "9"]
[EventCountry "TUR"]
[SourceTitle "CBM 158 Extra"]
[Source "ChessBase"]
[SourceDate "2014.02.28"]
[SourceVersion "1"]
[SourceVersionDate "2014.02.28"]
[SourceQuality "1"]

1. d4 d5 2. c4 c6 3. Nc3 Nf6 4. Bg5 e6 5. cxd5 exd5 6. e3 Be7 7. Bd3 Bg4 8. Nf3 Nbd7 9. h3 Bh5 10. 0-0 0-0 11. Qc2 Bxf3 12. gxf3 h6 13. Bh4 Re8 14. Kh1 Nh5 15. Bxe7 Qxe7 16. Bf5 Rad8 17. Kh2 Qh4 18. Rg1 Ndf6 19. Rg2 Kh8 20. Rag1 Rg8 21. Ne2 g6 22. Bd3 Nh7 23. Ng3 Ng5 0-1